000 00570nam a22001817a 4500
999 _c190444
_d190444
005 20220726113430.0
010 _aENG-133939
020 _a9789390670376
_c270.00
035 _aEN-117471
037 _bDBAD/PUB
082 _a880
100 _aAnand, Manminder Singh
245 _aPoetic Manifesto/
_cManminder Singh Anand
260 _aGurugram
_bEarth vision publications
_c2021
270 _aH-23/16,DLF phase-I
_bGurugram
_e122002
_mearthvisionpublications@gmail.com
_k0124-4054392
300 _avii;99p.
_c21cm(pbk)
942 _2ddc
_cEN
_h880
_mANA